Quizzes
Events
Quiz Creation
Community
Videos
Private Events
Remove Ads
Sign In
Join for FREE
Feedback
Dark Mode
Quiz Categories
Sports
Geography
Music
Movies
Television
Just For Fun
Miscellaneous
History
Literature
Language
Science
Gaming
Entertainment
Religion
Holiday
For Kids
Quiz Lab
Recent
Popular Today
Quiz Kudos Today
Editor Picks
Curator Picks
Quizzes by...
Day
Popularity
Type
Ratings
Length
Year
Community
Subscriptions
Recent Discussions
Orange Saloon
Badges
Playlists
Quests
Create
Leaderboards
Showdown
Live 5
Trivia Bingo
Activity
Puzzle Library
Sporcle Events
Private Events
Virtual Trivia
Globe League
Become a Host
Pub Owners
SporcleCon
Opinionation
Our Games
Videos
Blog
Mobile Apps
Partnerships
Remove Ads and Go Orange
Feedback
History
US Presidents
World Leaders
Politics
Nation
Discovery
War
Decade
Year
Century
Biography
Art
History
US Presidents
World Leaders
Politics
Nation
Discovery
War
Decade
Year
Century
Biography
Art
Random Quiz
Search Sporcle
×
Quiz Lab
Quiz Lab
History
Famous
Type in answers that appear in a list
Type in answers that appear in a list
Classic
Best Score? Go Orange.
Firearm Inventors Stats
Can you name the firearm inventors?
By
Samopal
10m
20 Questions
237 Plays
237 Plays
237 Plays
Comments
Comments
Give Quiz Kudos
Give Quiz Kudos
-
- Ratings
hide this ad
Random Order
Randomize order of answers
Randomize order of answers
Replay
Link that replays current quiz
Next Quiz
Link to next quiz in quiz playlist
You Got
0%
They Got
Avg Score
38%
Avg Friend Score
Upgrade to see
Score Distribution
Jump to the score distribution portion of the page
Score
0/20
Timer
10:00
0
Plays Today
Firearms
Inventor
% Correct
M1911, M1918 BAR, Auto-
5
John Moses Browning
86.5%
AKM, RPK, PKM
Mikhail Timofeyevich Kalashnikov
75.9%
Paterson, Dragoon, 1851 Navy
Samuel Colt
73%
AR-
10, AR-
15, SR-
25
Eugene Morrison Stoner
54%
TT-
33, SVT-
40
Fedor Vasilievich Tokarev
47.3%
Pistole Parabellum 1908
Georg Johann Luger
44.7%
M82, M95, M98B
Ronnie Barrett
41.8%
SVD
Yevgeny Dragunov
40.9%
SKS, PTRS-
41, AVS-
36
Sergei Gavrilovich Simonov
38.4%
Uzi, Ruger MP9
Uziel Gal
37.1%
Firearms
Inventor
% Correct
Type 14, Type 100, Type 99
Kijirō Nambu
34.2%
MAC-
10, MAC-
11
Gordon Ingram
30%
Type 30, Type 31 75mm Mountain Gun, Type 38
Arisaka Nariakira
29.1%
PM, 9K111 Fagot, 9M113 Konkurs
Nikolay Fyodorovich Makarov
29.1%
MP 18, StG 44
Hugo Schmeisser
21.9%
M1878, C-
93
Hugo Borchardt
21.9%
Suomi M-
31, L-
35, L-
39
Aimo Johannes Lahti
19.4%
DP-
28, PPD-
40
Vasily Alekseyevich Degtyaryov
19%
FN-
49, FAL
Dieudonné Joseph Saive
17.7%
Mars, Simplex, MG15 nA
Theodor Bergmann
16.9%
Quiz Playlist
Details
Report
Send in Message
Add To Playlist
Classic:
Type in answers that appear in a list
Random Order:
Randomize order of answers
Last Updated: Feb 16, 2017
Quiz Scoreboard
CHALLENGE
Sign Up to Join the Scoreboard
Show All
Scores
Hide
Comments
May contain spoilers
Recently Published
An Introduction to Baseball
by treessimontrees
Sports
5m
Movies - When Are They Set?
by FPL_Elf
Movies
5m
Popular People in 1961
by mucciniale
History
6m
More to Explore
Quiz From the Vault
Featured Blog Post
Where Did the Easter Bunny Come From?
hide this ad
You Might Also Like...
Tags
Famous Quiz
firearm
gun
Gun Names
Invented
Invention
Inventor
Today's Top Quizzes in History
Browse History
hide this ad
Today's Top Quizzes in Famous
Browse Famous
Top Contributed Quizzes in History
1
Popular People in 1991
2
Popular People in 1981
3
Popular People in 1951
4
Popular People in 1941
5
Popular People in 1986
6
Popular People in 1976
7
Popular People in 1921
8
I Am Born On March 28th
9
Popular People in 1946
10
Popular People in 1936
Explore More
Trending Topics
Anime
Crossword
Harry Potter
Disney
NBA
Kpop
Marvel
Puzzle
NFL
Song
The Office
WWE
Pokémon
Country
Soccer
hide this ad
More By:
Samopal
Quiz
Plays
Rating
Category
Featured
Created
60 Firearms Manufacturers
982
4.67
Miscellaneous
Jan 10, 2011
Firearm Inventors
237
5.00
History
Dec 27, 2011
Go to Creator's Profile
Score Distribution
Quiz Creator Spotlight
Samopal
Follow
Send a Message
Quizzes Created
-
Created Quiz Play Count
-
More By This Creator
Popular Quizzes Today
1
Find the Countries of Europe - No Outlines Minefield
2
Find the US States - No Outlines Minefield
3
The Countries of the World
4
Popular People in 1961
5
Find the US States
6
US States
7
1-10 Letter E Words III
8
Risky Map Clicking: Biggest States A-Z
More History Quizzes
Nobel Prize Countries A-Z Blitz
Editor's Pick
Trending Quizzes
Risky Map Clicking: Least Populous States A-Z
1-10 Letter F Words
1-10 Letter G Words
Not Quite an Element Typing Challenge
One Thing in Common: United Kingdom
Recently Updated
Leaping Animals
pecheneg
Reality TV Shows (A-Z)
bhenderson79
Rickey Henderson's Hall of Fame Teammates
pecheneg
Champions League XIs: Arsenal
pecheneg
Quick Pick: Celebrities in WWE's Hall of Fame
aduchscher
A-Z Keypad Blitz II
pecheneg
Multiple Oscar Actors
pecheneg
Mystery Phrase Blitz: Oscar 'Best Actors'
pecheneg
F. Scott Fitzgerald Novels
LTH
Pick 3 Villains
ddd62291
Trending Topics
Harry Potter
Crossword
Anime
NBA
Marvel
Disney
Kpop
Country
Song
NFL
WWE
The Office
Pokémon
Puzzle
Soccer
Your Account Isn't Verified!
In order to create a playlist on Sporcle, you need to verify the email address you used during registration. Go to your
Sporcle Settings
to finish the process.
Report this User
Report this user for behavior that violates our
Community Guidelines
.
Details:
Send Report
Go to the Sporcle.com Mobile Site →
Comments